[Event "23rd EUR-ch"]
[Site "Vrnjacka Banja SRB"]
[Date "2023.03.08"]
[Round "6.233"]
[White "Arandjelovic, Aleksandar Z."]
[Black "Modric, Milos"]
[Result "1-0"]
[WhiteElo "1828"]
[BlackElo "2002"]
[EventDate "2023.03.03"]
[PlyCount "85"]

1.d4 Nf6 2.c4 e6 3.Nc3 d5 4.cxd5 exd5 5.Bg5 Be7 6.e3 c6 7.Qc2 h6 8.Bf4 O-O
9.Bd3 Nh5 10.Be5 Nd7 11.Nf3 Nxe5 12.Nxe5 Bd6 13.O-O-O Bxe5 14.dxe5 b5 15.
Be2 Qg5 16.g4 b4 17.Na4 Nf4 18.exf4 Qxf4+ 19.Qd2 Qxe5 20.Bf3 Rb8 21.Qd4 
Qd6 22.h4 Be6 23.Kb1 Rb5 24.Rc1 a5 25.Be2 Rbb8 26.f4 Rfe8 27.Bf3 Bxg4 28.
Bxg4 Re4 29.Qd3 Qxf4 30.Rhg1 b3 31.axb3 Re3 32.Qf5 Qd6 33.Bh5 Re7 34.Bd1 
Re5 35.Rxc6 Qe7 36.Rc8+ Rxc8 37.Qxc8+ Kh7 38.Qc3 g6 39.h5 Qd6 40.hxg6+ 
fxg6 41.Bc2 Re6 42.Qd4 h5 43.Nc5 1-0

[Event "23rd EUR-ch"]
[Site "Vrnjacka Banja SRB"]
[Date "2023.03.08"]
[Round "6.234"]
[White "Sakovich, Luka"]
[Black "Tadic, Katarina"]
[Result "1-0"]
[WhiteElo "1799"]
[BlackElo "1919"]
[EventDate "2023.03.03"]
[PlyCount "101"]

1.e4 c5 2.Nf3 d6 3.d4 cxd4 4.Nxd4 Nf6 5.Nc3 a6 6.Be3 e5 7.Nb3 Be6 8.f3 Be7
9.Qd2 O-O 10.g4 d5 11.g5 d4 12.gxf6 Bxf6 13.Bf2 Bg5 14.Qd3 dxc3 15.Qxc3 
Nd7 16.Bd3 Qf6 17.Ke2 Rac8 18.Qb4 b6 19.h4 Bh6 20.a4 a5 21.Qb5 Qf4 22.Rad1
f5 23.Nd2 fxe4 24.Bxe4 Qf7 25.b3 Rc3 26.Rhf1 Qf4 27.Bd3 e4 28.Nxe4 Qxf3+ 
29.Ke1 Rf5 30.Qxf5 Qxf5 31.Nxc3 Qe5+ 32.Ne2 g6 33.Bb5 Bf8 34.Bd4 Qe4 35.
Rf4 Qh1+ 36.Bg1 Qh3 37.Rd3 Qg2 38.Bxd7 Bxd7 39.Rxd7 Bb4+ 40.Kd1 Qh1 41.Rc4
Bc5 42.Kd2 Qc6 43.Rd8+ Kf7 44.Bxc5 bxc5 45.Rd3 h6 46.Rdc3 Qd5+ 47.Kc1 Qg2 
48.Ng3 Qh2 49.Kb2 g5 50.hxg5 h5 51.Nxh5 1-0

[Event "23rd EUR-ch"]
[Site "Vrnjacka Banja SRB"]
[Date "2023.03.08"]
[Round "6.235"]
[White "Tadic, Ana"]
[Black "Labrovic, Jakov"]
[Result "0-1"]
[WhiteElo "1817"]
[BlackElo "1888"]
[EventDate "2023.03.03"]
[PlyCount "54"]

1.e4 d5 2.exd5 Nf6 3.d4 e6 4.Bd3 c5 5.Bg5 Qxd5 6.Nf3 cxd4 7.Bxf6 gxf6 8.
Nbd2 Bb4 9.a3 Bxd2+ 10.Qxd2 e5 11.O-O-O Qa2 12.Qb4 Nc6 13.Qb5 a6 14.Qb6 
O-O 15.Nd2 Qa1+ 16.Nb1 Be6 17.b3 Rfc8 18.Kd2 Qb2 19.Ke1 e4 20.Bxe4 Re8 21.
Kd2 Ne5 22.Qb4 a5 23.Qb5 d3 24.Rc1 Rad8 25.Nc3 dxc2+ 26.Bd5 Bxd5 27.Nxd5 
Qd4+ 0-1

[Event "23rd EUR-ch"]
[Site "Vrnjacka Banja SRB"]
[Date "2023.03.08"]
[Round "6.236"]
[White "Dakic, Marta"]
[Black "Mladenovic, Milan"]
[Result "1-0"]
[WhiteElo "1867"]
[BlackElo "1787"]
[EventDate "2023.03.03"]
[PlyCount "37"]

1.e4 c6 2.d4 g6 3.Nc3 d5 4.e5 h5 5.f4 Nh6 6.Be3 Bg4 7.Qd2 Nf5 8.Bf2 h4 9.
Be2 Bxe2 10.Ngxe2 e6 11.O-O-O c5 12.dxc5 Nc6 13.Nb5 Nxe5 14.fxe5 Bh6 15.
Nf4 Qg5 16.g3 Kf8 17.Nc7 Ke7 18.c6 bxc6 19.Qb4+ 1-0

[Event "23rd EUR-ch"]
[Site "Vrnjacka Banja SRB"]
[Date "2023.03.08"]
[Round "6.237"]
[White "Mitrovic, Stefan"]
[Black "Orlovic, Isa"]
[Result "1-0"]
[WhiteElo "1859"]
[BlackElo "1752"]
[EventDate "2023.03.03"]
[PlyCount "41"]

1.d4 d5 2.c4 c6 3.Nf3 Nf6 4.Nc3 e6 5.e3 Nbd7 6.Bd3 Bd6 7.Qc2 b6 8.b3 Bb7 
9.Bb2 Rc8 10.Qe2 Qe7 11.O-O h5 12.cxd5 cxd5 13.Nb5 Ne4 14.Nxa7 Ra8 15.Nb5 
Bc6 16.Nxd6+ Qxd6 17.a4 f6 18.Ba3 Qb8 19.Rac1 Qb7 20.Rc2 Rc8 21.Ba6 1-0

[Event "23rd EUR-ch"]
[Site "Vrnjacka Banja SRB"]
[Date "2023.03.08"]
[Round "6.238"]
[White "Kanana, Ziad"]
[Black "Hlebec, Darko"]
[Result "1/2-1/2"]
[WhiteElo "1757"]
[BlackElo "1900"]
[EventDate "2023.03.03"]
[PlyCount "88"]

1.e4 e5 2.Nf3 Nf6 3.Nxe5 d6 4.Nf3 Nxe4 5.Nc3 Nxc3 6.dxc3 Be7 7.Be3 Nc6 8.
Qd2 Be6 9.O-O-O Qd7 10.Kb1 a6 11.h3 Bf6 12.g4 h6 13.Bg2 O-O-O 14.Nd4 Nxd4 
15.cxd4 d5 16.f4 g6 17.Bf3 Bg7 18.Bf2 f5 19.Rhg1 Bf6 20.Rde1 Rde8 21.Qd3 
Qd6 22.Qd2 Bd7 23.Re3 Rxe3 24.Bxe3 Re8 25.g5 Bg7 26.h4 h5 27.Re1 Re6 28.
Bf2 Bc6 29.Rxe6 Qxe6 30.Qe3 Kd7 31.Kc1 Qd6 32.Be2 Bb5 33.Bxb5+ axb5 34.Kb1
c6 35.Be1 Qe6 36.Qxe6+ Kxe6 37.c3 b4 38.Kc2 Kd6 39.Kd3 bxc3 40.Bxc3 Kc7 
41.b4 b5 42.Kc2 Bf8 43.Kb3 Bd6 44.Bd2 Kb6 1/2-1/2

[Event "23rd EUR-ch"]
[Site "Vrnjacka Banja SRB"]
[Date "2023.03.08"]
[Round "6.239"]
[White "Nikolovski, David"]
[Black "Dimitrijevic, Andjela"]
[Result "1/2-1/2"]
[WhiteElo "1860"]
[BlackElo "1863"]
[EventDate "2023.03.03"]
[PlyCount "81"]

1.d4 d5 2.Nc3 Nf6 3.Bf4 c5 4.e4 Nxe4 5.Nxe4 dxe4 6.dxc5 Qa5+ 7.c3 Qxc5 8.
Qa4+ Nc6 9.Qxe4 Bf5 10.Qc4 e6 11.Nf3 Qxc4 12.Bxc4 O-O-O 13.O-O h6 14.Rad1 
Be7 15.Rfe1 g5 16.Bg3 Bg4 17.h3 Bh5 18.Be2 f5 19.Rxd8+ Rxd8 20.Rd1 Rxd1+ 
21.Bxd1 e5 22.Bc2 f4 23.Bh2 Bf7 24.b3 a5 25.Kf1 Kc7 26.Nd2 b5 27.Ne4 b4 
28.f3 Bg6 29.cxb4 Nxb4 30.Bb1 Bc5 31.Nxc5 Bxb1 32.a3 Nc2 33.b4 axb4 34.
axb4 Ne3+ 35.Kf2 Kc6 36.g3 Bf5 37.h4 Kb5 38.hxg5 hxg5 39.gxf4 gxf4 40.Ke2 
Kxb4 41.Nd3+ 1/2-1/2

[Event "23rd EUR-ch"]
[Site "Vrnjacka Banja SRB"]
[Date "2023.03.09"]
[Round "7.1"]
[White "Korobov, Anton"]
[Black "Kourkoulos-Arditis, Stamatis"]
[Result "1-0"]
[WhiteElo "2658"]
[BlackElo "2520"]
[EventDate "2023.03.03"]
[PlyCount "117"]

1.d4 d5 2.c4 e6 3.Nf3 a6 4.cxd5 exd5 5.Nc3 Nf6 6.Bg5 Be6 7.e3 Nbd7 8.Bd3 
c6 9.h3 Bd6 10.Bf4 Qc7 11.Qd2 h6 12.O-O g5 13.Bxd6 Qxd6 14.Nh2 Rg8 15.Ne2 
Ne4 16.Qe1 O-O-O 17.f3 Nef6 18.Rc1 Kb8 19.f4 g4 20.f5 gxh3 21.g3 Nh5 22.
Rf3 Rg5 23.fxe6 fxe6 24.Nf4 Rdg8 25.Nxh5 Rxh5 26.g4 Rhg5 27.Qg3 e5 28.Rf5 
h5 29.Rxg5 Rxg5 30.Rf1 hxg4 31.Rf5 Rg8 32.dxe5 Qe6 33.b3 Ka7 34.Bc2 Qe7 
35.Nxg4 Qb4 36.Rf4 Qc3 37.e6 Ne5 38.Bf5 d4 39.Rxd4 Qa1+ 40.Kh2 Qxa2+ 41.
Kh1 Qa1+ 42.Qg1 Qxg1+ 43.Kxg1 Nf3+ 44.Kh1 Nxd4 45.exd4 a5 46.Kh2 b5 47.
Kxh3 a4 48.bxa4 bxa4 49.Nf6 Rg7 50.Bb1 Ka6 51.d5 cxd5 52.Nxd5 Kb5 53.e7 
Rg8 54.Ba2 Kc5 55.Nf6 Ra8 56.e8=Q Rxe8 57.Nxe8 Kd4 58.Nd6 Kc3 59.Nc4 1-0

[Event "23rd EUR-ch"]
[Site "Vrnjacka Banja SRB"]
[Date "2023.03.09"]
[Round "7.2"]
[White "Abasov, Nijat"]
[Black "Sarana, Alexei"]
[Result "1/2-1/2"]
[WhiteElo "2625"]
[BlackElo "2668"]
[EventDate "2023.03.03"]
[PlyCount "57"]

1.d4 Nf6 2.c4 e6 3.Nf3 d5 4.g3 Bb4+ 5.Bd2 Be7 6.Bg2 c6 7.O-O Nbd7 8.Nc3 
O-O 9.c5 Ne4 10.Nxe4 dxe4 11.Ne5 f5 12.Bf4 Nxe5 13.Bxe5 Bf6 14.Bd6 Be7 15.
Be5 Bf6 16.Qc2 Bxe5 17.dxe5 Qd4 18.Rfd1 Qxe5 19.e3 b6 20.cxb6 axb6 21.Qxc6
Ba6 22.Bf1 Bxf1 23.Kxf1 b5 24.Rac1 Rxa2 25.Rc5 Qxb2 26.Qxe6+ Kh8 27.Rxf5 
Qxf2+ 28.Rxf2 Rfxf2+ 29.Kg1 1/2-1/2

[Event "23rd EUR-ch"]
[Site "Vrnjacka Banja SRB"]
[Date "2023.03.09"]
[Round "7.3"]
[White "Bernadskiy, Vitaliy"]
[Black "Ponomariov, Ruslan"]
[Result "1/2-1/2"]
[WhiteElo "2611"]
[BlackElo "2655"]
[EventDate "2023.03.03"]
[PlyCount "49"]

1.d4 Nf6 2.c4 e6 3.Nf3 b6 4.g3 Bb7 5.Bg2 Be7 6.O-O O-O 7.h4 c6 8.Nc3 d5 9.
b3 Nbd7 10.Bb2 c5 11.cxd5 Nxd5 12.Nxd5 Bxd5 13.Rc1 Rc8 14.Qd3 cxd4 15.Bxd4
h6 16.Rfd1 Rxc1 17.Rxc1 Nc5 18.Qc3 Ne4 19.Qb2 Bf6 20.Bxf6 Nxf6 21.Qe5 Qa8 
22.Qf4 Rc8 23.Rxc8+ Qxc8 24.g4 Qd8 25.Ne5 1/2-1/2

[Event "23rd EUR-ch"]
[Site "Vrnjacka Banja SRB"]
[Date "2023.03.09"]
[Round "7.4"]
[White "Svane, Frederik"]
[Black "Nguyen Thai Dai Van"]
[Result "1/2-1/2"]
[WhiteElo "2577"]
[BlackElo "2651"]
[EventDate "2023.03.03"]
[PlyCount "20"]

1.e4 e5 2.Nf3 Nc6 3.Nc3 Nf6 4.h3 Bb4 5.Nd5 Nxd5 6.exd5 e4 7.dxc6 exf3 8.
Qxf3 dxc6 9.Bc4 O-O 10.O-O Qg5 1/2-1/2

[Event "23rd EUR-ch"]
[Site "Vrnjacka Banja SRB"]
[Date "2023.03.09"]
[Round "7.5"]
[White "Gledura, Benjamin"]
[Black "Quparadze, Giga"]
[Result "1-0"]
[WhiteElo "2637"]
[BlackElo "2483"]
[EventDate "2023.03.03"]
[PlyCount "119"]

1.Nf3 Nf6 2.c4 e6 3.Nc3 Bb4 4.Qc2 O-O 5.a3 Bxc3 6.Qxc3 Re8 7.b4 a5 8.Bb2 
axb4 9.axb4 Rxa1+ 10.Bxa1 d6 11.e3 e5 12.Be2 Bg4 13.h3 Bh5 14.d3 Nc6 15.
O-O Qb8 16.Rc1 Nd8 17.Bd1 Ne6 18.c5 h6 19.Bb2 Rd8 20.Qb3 b5 21.cxd6 cxd6 
22.d4 Bxf3 23.Bxf3 exd4 24.Bxd4 Nxd4 25.exd4 Rc8 26.Rxc8+ Qxc8 27.Qd3 Qa6 
28.Qc3 Kf8 29.g3 Qb6 30.Qc6 Qxd4 31.Qxb5 g6 32.Qb7 Kg7 33.b5 d5 34.b6 Ne4 
35.Bxe4 dxe4 36.Qc7 Qd1+ 37.Kh2 Qd4 38.Kg2 Qf6 39.b7 Qf3+ 40.Kg1 e3 41.
fxe3 Qxe3+ 42.Kf1 Qd3+ 43.Ke1 Qe3+ 44.Kd1 Qd3+ 45.Kc1 Qe3+ 46.Kb2 Qe2+ 47.
Kb3 Qd1+ 48.Kb4 Qd4+ 49.Kb5 Qd5+ 50.Kb6 Qe6+ 51.Qc6 Qb3+ 52.Kc7 Qxg3+ 53.
Qd6 Qc3+ 54.Kd7 Qxh3+ 55.Ke8 Qe3+ 56.Qe7 Qg3 57.Qxf7+ Kh8 58.Qf8+ Kh7 59.
Qe7+ Kg8 60.Qd8 1-0

[Event "23rd EUR-ch"]
[Site "Vrnjacka Banja SRB"]
[Date "2023.03.09"]
[Round "7.6"]
[White "Kadric, Denis"]
[Black "Sargissian, Gabriel"]
[Result "1/2-1/2"]
[WhiteElo "2583"]
[BlackElo "2699"]
[EventDate "2023.03.03"]
[PlyCount "43"]

1.e4 e5 2.Nf3 Nc6 3.Nc3 Nf6 4.d4 exd4 5.Nxd4 Bb4 6.Nxc6 bxc6 7.Bd3 d5 8.
exd5 O-O 9.O-O cxd5 10.Bg5 c6 11.Qf3 Bd6 12.Rae1 Rb8 13.Nd1 h6 14.Bxf6 
Qxf6 15.Qxf6 gxf6 16.b3 Kg7 17.Ne3 Re8 18.Nf5+ Bxf5 19.Bxf5 Re5 20.Bd3 
Rbe8 21.Rd1 a5 22.g3 1/2-1/2

[Event "23rd EUR-ch"]
[Site "Vrnjacka Banja SRB"]
[Date "2023.03.09"]
[Round "7.7"]
[White "Navara, David"]
[Black "Mastrovasilis, Dimitrios"]
[Result "1/2-1/2"]
[WhiteElo "2685"]
[BlackElo "2599"]
[EventDate "2023.03.03"]
[PlyCount "131"]

1.c4 e6 2.Nc3 d5 3.d4 Nf6 4.cxd5 exd5 5.Bg5 c6 6.e3 h6 7.Bh4 Be7 8.Bd3 Ne4
9.Bxe7 Qxe7 10.Nge2 Bf5 11.Bxe4 Bxe4 12.Nxe4 Qxe4 13.O-O O-O 14.b4 a6 15.
Qb1 Qe7 16.a4 Nd7 17.b5 axb5 18.axb5 c5 19.dxc5 Nxc5 20.Qb2 Rxa1 21.Rxa1 
Ne6 22.Rd1 Rd8 23.h3 Qc5 24.h4 Qc4 25.Nd4 Rc8 26.Nf5 Rd8 27.f3 Qc5 28.Kf2 
Qc4 29.Rd2 Qc5 30.b6 Qa5 31.g4 Qc5 32.Rc2 Qa5 33.Rd2 Qc5 34.Kg2 Qa5 35.Rd1
Qc5 36.Rc1 Qa5 37.Rd1 Qc5 38.h5 Qc4 39.Kg3 Qc5 40.Rc1 Qa5 41.Ra1 Qc5 42.
Rd1 Qc4 43.Rc1 Qd3 44.Qe5 Qd2 45.Rg1 Re8 46.g5 hxg5 47.h6 f6 48.Qd6 Qb2 
49.Qd7 Qe5+ 50.f4 Qxf5 51.h7+ Kxh7 52.Rh1+ Kg8 53.Qxe8+ Nf8 54.Qb8 Qe6 55.
fxg5 Qxe3+ 56.Kh2 Qf2+ 57.Kh3 Qf3+ 58.Kh2 Qf2+ 59.Kh3 Qf3+ 60.Kh2 Qh5+ 61.
Kg2 Qxg5+ 62.Qg3 Qd2+ 63.Qf2 Qg5+ 64.Qg3 Qd2+ 65.Qf2 Qg5+ 66.Qg3 1/2-1/2

[Event "23rd EUR-ch"]
[Site "Vrnjacka Banja SRB"]
[Date "2023.03.09"]
[Round "7.8"]
[White "Pechac, Jergus"]
[Black "Moussard, Jules"]
[Result "1/2-1/2"]
[WhiteElo "2598"]
[BlackElo "2684"]
[EventDate "2023.03.03"]
[PlyCount "85"]

1.e4 c5 2.Nf3 d6 3.Nc3 Nf6 4.d4 cxd4 5.Nxd4 a6 6.a3 e6 7.f3 b5 8.g4 h6 9.
Be3 Bb7 10.Qd2 d5 11.e5 Nfd7 12.f4 Nc6 13.h4 Be7 14.h5 Rc8 15.Nxc6 Bxc6 
16.Rh3 Bh4+ 17.Kd1 Be7 18.Ne2 Nc5 19.Bg2 O-O 20.Nd4 Ne4 21.Qd3 Bb7 22.c3 
Qc7 23.Rc1 Rfd8 24.Rc2 Qc4 25.Bxe4 dxe4 26.Qxc4 Rxc4 27.Rd2 Rd5 28.Nb3 Rc8
29.Kc2 f6 30.exf6 gxf6 31.f5 exf5 32.gxf5 Rxd2+ 33.Kxd2 Bd5 34.Nd4 Kh7 35.
Rg3 Bf7 36.Ne6 Bxe6 37.fxe6 Rc6 38.Rg6 Rxe6 39.Bd4 Rd6 40.Ke3 Rd5 41.Bxf6 
Bxf6 42.Rxf6 a5 43.Ra6 1/2-1/2

[Event "23rd EUR-ch"]
[Site "Vrnjacka Banja SRB"]
[Date "2023.03.09"]
[Round "7.9"]
[White "Predke, Alexander"]
[Black "Iskandarov, Misratdin"]
[Result "1-0"]
[WhiteElo "2684"]
[BlackElo "2598"]
[EventDate "2023.03.03"]
[PlyCount "69"]

1.e4 c5 2.Nf3 Nc6 3.Bb5 e6 4.c3 Nge7 5.d4 cxd4 6.cxd4 d5 7.e5 Bd7 8.Nc3 
Nf5 9.O-O Be7 10.Bd3 Bc8 11.Be3 a6 12.Rc1 O-O 13.Ne2 Qb6 14.Qd2 Nxe3 15.
Qxe3 Qxb2 16.Rb1 Qa3 17.Ng5 g6 18.h4 Na5 19.Nf4 Bd7 20.Nxh7 Kxh7 21.h5 Kg7
22.hxg6 Rh8 23.gxf7 Kxf7 24.Qf3 Rag8 25.Nxd5+ Ke8 26.Nf6+ Kd8 27.Nxd7 Kxd7
28.Rfc1 Kd8 29.d5 Bc5 30.dxe6 Kc7 31.Qd5 Kb8 32.Be4 Bb4 33.e7 Rc8 34.Rxc8+
Rxc8 35.Qd7 1-0

[Event "23rd EUR-ch"]
[Site "Vrnjacka Banja SRB"]
[Date "2023.03.09"]
[Round "7.10"]
[White "Esipenko, Andrei"]
[Black "Brkic, Ante"]
[Result "1/2-1/2"]
[WhiteElo "2680"]
[BlackElo "2596"]
[EventDate "2023.03.03"]
[PlyCount "47"]

1.d4 Nf6 2.c4 e6 3.Nf3 d5 4.g3 Bb4+ 5.Bd2 Be7 6.Bg2 O-O 7.O-O Nbd7 8.Qc2 
c6 9.Rc1 a5 10.e3 Bd6 11.Be1 e5 12.cxd5 Nxd5 13.Nc3 Nxc3 14.Bxc3 Qe7 15.e4
Re8 16.Re1 Bb4 17.Rad1 Bxc3 18.Qxc3 exd4 19.Nxd4 Qc5 20.Qe3 Nf8 21.h3 Be6 
22.Nxe6 Nxe6 23.Qxc5 Nxc5 24.Rd4 1/2-1/2

[Event "23rd EUR-ch"]
[Site "Vrnjacka Banja SRB"]
[Date "2023.03.09"]
[Round "7.11"]
[White "Goriachkina, Aleksandra"]
[Black "Gelfand, Boris"]
[Result "0-1"]
[WhiteElo "2576"]
[BlackElo "2674"]
[EventDate "2023.03.03"]
[PlyCount "86"]

1.d4 Nf6 2.c4 e6 3.Nf3 d5 4.Nc3 c6 5.Bg5 h6 6.Bxf6 Qxf6 7.e3 Nd7 8.Be2 g6 
9.O-O Qe7 10.e4 dxc4 11.e5 Bg7 12.Nd2 O-O 13.Nxc4 Rd8 14.f4 Nb6 15.Qd3 
Nxc4 16.Qxc4 f5 17.Rad1 Bd7 18.g4 Kh7 19.Bf3 Be8 20.Qe2 Rd7 21.a3 Qh4 22.
Qf2 Qxf2+ 23.Kxf2 Rad8 24.gxf5 exf5 25.d5 cxd5 26.Nxd5 Bf7 27.Nc7 Bc4 28.
Rfe1 Bf8 29.b4 Be7 30.Rxd7 Rxd7 31.Ne8 Bh4+ 32.Kg1 Bxe1 33.Nf6+ Kg7 34.
Nxd7 Bd2 35.Bxb7 Bxf4 36.Kg2 Bb5 37.Nb8 Bc1 38.Nc6 Bxa3 39.Nxa7 Bc4 40.Nc6
Bd5+ 41.Kg3 g5 42.e6 Bxb4 43.e7 Be1+ 0-1

[Event "23rd EUR-ch"]
[Site "Vrnjacka Banja SRB"]
[Date "2023.03.09"]
[Round "7.12"]
[White "Kobalia, Mikhail"]
[Black "Shevchenko, Kirill"]
[Result "0-1"]
[WhiteElo "2577"]
[BlackElo "2668"]
[EventDate "2023.03.03"]
[PlyCount "70"]

1.e4 c5 2.Nf3 d6 3.Bb5+ Nd7 4.Ba4 Nf6 5.O-O e6 6.Qe2 Qa5 7.Bxd7+ Bxd7 8.c4
g6 9.Nc3 Bg7 10.d4 cxd4 11.Nxd4 O-O 12.Be3 Rac8 13.Ndb5 Bxb5 14.Nxb5 Nxe4 
15.f3 Nc5 16.Nxd6 Rc6 17.Nb5 a6 18.Nc3 Bxc3 19.bxc3 Na4 20.Bd4 Nxc3 21.Qd3
Na4 22.Rac1 e5 23.Be3 Rd8 24.Qb1 Qc7 25.f4 Rxc4 26.Rxc4 Qxc4 27.Qxb7 e4 
28.f5 Nc3 29.Qe7 Rc8 30.fxg6 Ne2+ 31.Kf2 hxg6 32.Qf6 Qxa2 33.Rd1 Nc3+ 34.
Rd2 Qxd2+ 35.Bxd2 e3+ 0-1

[Event "23rd EUR-ch"]
[Site "Vrnjacka Banja SRB"]
[Date "2023.03.09"]
[Round "7.13"]
[White "Ivanchuk, Vasyl"]
[Black "Asadli, Vugar"]
[Result "1/2-1/2"]
[WhiteElo "2664"]
[BlackElo "2586"]
[EventDate "2023.03.03"]
[PlyCount "48"]

1.d4 Nf6 2.c4 g6 3.Nc3 Bg7 4.e4 d6 5.Nf3 O-O 6.Be2 e5 7.O-O h6 8.Re1 Nbd7 
9.Qc2 Re8 10.d5 a5 11.Be3 Ng4 12.Bd2 Nc5 13.g3 Rf8 14.Nh4 Nf6 15.Be3 b6 
16.b3 Nh7 17.Rad1 Ng5 18.Kh1 Bd7 19.a3 a4 20.b4 Nb3 21.Nb5 Rb8 22.f3 h5 
23.Bf1 Bf6 24.Rd3 Nh3 1/2-1/2

[Event "23rd EUR-ch"]
[Site "Vrnjacka Banja SRB"]
[Date "2023.03.09"]
[Round "7.14"]
[White "Laurusas, Tomas"]
[Black "Cheparinov, Ivan"]
[Result "1/2-1/2"]
[WhiteElo "2571"]
[BlackElo "2661"]
[EventDate "2023.03.03"]
[PlyCount "96"]

1.d4 Nf6 2.c4 e6 3.Nf3 d5 4.Nc3 c6 5.e3 Nbd7 6.Qc2 Bd6 7.b3 O-O 8.Be2 b6 
9.O-O Bb7 10.Bb2 Re8 11.Rad1 Qe7 12.Rfe1 Rad8 13.Bf1 c5 14.cxd5 exd5 15.g3
Rc8 16.Bh3 c4 17.bxc4 Rxc4 18.Nd2 Rc7 19.Qb3 a6 20.a4 h5 21.Rc1 h4 22.Ncb1
hxg3 23.hxg3 Rec8 24.Rxc7 Rxc7 25.Rc1 Rxc1+ 26.Bxc1 Bb4 27.Nc3 a5 28.Qc2 
Nf8 29.Nb5 Ne6 30.Nf3 Ne4 31.Ne5 Qf6 32.Bg2 N6g5 33.g4 Ne6 34.f3 Nd6 35.f4
Ne4 36.g5 Qf5 37.Ba3 Bd2 38.Bc1 Bb4 39.Ba3 Bxa3 40.Nxa3 f6 41.gxf6 gxf6 
42.Bxe4 dxe4 43.Qg2+ Ng7 44.Nec4 Qh5 45.Nxb6 Qd1+ 46.Kh2 Qh5+ 47.Kg1 Qd1+ 
48.Kh2 Qh5+ 1/2-1/2

[Event "23rd EUR-ch"]
[Site "Vrnjacka Banja SRB"]
[Date "2023.03.09"]
[Round "7.15"]
[White "Bacrot, Etienne"]
[Black "Kozak, Adam"]
[Result "1-0"]
[WhiteElo "2659"]
[BlackElo "2552"]
[EventDate "2023.03.03"]
[PlyCount "130"]

1.e4 e5 2.Nf3 Nc6 3.Bb5 a6 4.Ba4 Nf6 5.O-O Be7 6.Re1 b5 7.Bb3 d6 8.c3 O-O 
9.h3 Na5 10.Bc2 c5 11.d4 Nd7 12.a4 Bb7 13.d5 Kh8 14.b4 Nc4 15.Nfd2 Nxd2 
16.Nxd2 f5 17.Nb3 cxb4 18.cxb4 fxe4 19.Na5 Qc7 20.Nxb7 Qxb7 21.Rxe4 Rac8 
22.axb5 axb5 23.Be3 Nf6 24.Rh4 Qxd5 25.Qb1 e4 26.Bxe4 Nxe4 27.Qxe4 Qxe4 
28.Rxe4 Bf6 29.Rd1 Rfd8 30.Rd5 Kg8 31.Kf1 Rc2 32.g3 Rb2 33.Bf4 Bc3 34.Rxd6
Rf8 35.Rb6 Rxb4 36.Rxb4 Bxb4 37.Rxb5 Be7 38.Be3 Rc8 39.Ke2 Kf7 40.h4 g6 
41.h5 gxh5 42.Rxh5 Kg6 43.g4 Rc4 44.Rh6+ Kg7 45.g5 Rc2+ 46.Kd3 Rc7 47.Bd4+
Kg8 48.f4 Rd7 49.Ke4 Bf8 50.Ra6 Kf7 51.f5 Re7+ 52.Be5 Rb7 53.Rc6 Rb4+ 54.
Bd4 Rb7 55.Bc3 Re7+ 56.Kf4 Rb7 57.Kg4 Ra7 58.Kh5 Rb7 59.Rc8 Rd7 60.Bb2 Rb7
61.Bd4 Rb5 62.Rc7+ Kg8 63.f6 h6 64.Be3 Re5 65.Bc1 Bd6 1-0

[Event "23rd EUR-ch"]
[Site "Vrnjacka Banja SRB"]
[Date "2023.03.09"]
[Round "7.16"]
[White "Murzin, Volodar"]
[Black "Grandelius, Nils"]
[Result "1/2-1/2"]
[WhiteElo "2554"]
[BlackElo "2658"]
[EventDate "2023.03.03"]
[PlyCount "87"]

1.e4 c5 2.Nf3 e6 3.d4 cxd4 4.Nxd4 Nf6 5.Nc3 Nc6 6.Ndb5 Bb4 7.a3 Bxc3+ 8.
Nxc3 d5 9.exd5 exd5 10.Bd3 O-O 11.O-O Bg4 12.f3 d4 13.Ne4 Nxe4 14.Bxe4 Bh5
15.b4 Qb6 16.Qd3 Bg6 17.Bxg6 hxg6 18.Re1 Nd8 19.c3 dxc3+ 20.Be3 Qc6 21.Bc5
Re8 22.Rxe8+ Qxe8 23.Qxc3 Ne6 24.Be3 a6 25.Rd1 Rc8 26.Qb3 Qb5 27.Rc1 Rxc1+
28.Bxc1 a5 29.Qc3 a4 30.Bb2 Qe2 31.Qe5 Qc4 32.Kf2 b5 33.Kg3 Qc6 34.Qe4 
Qd6+ 35.Qe5 Qd7 36.h4 f6 37.Qe4 Kf7 38.Bc1 Nd4 39.Kf2 Nf5 40.Be3 Kg8 41.
Qa8+ Kf7 42.Qe4 Kg8 43.Qa8+ Kf7 44.Qe4 1/2-1/2

[Event "23rd EUR-ch"]
[Site "Vrnjacka Banja SRB"]
[Date "2023.03.09"]
[Round "7.17"]
[White "Santos Latasa, Jaime"]
[Black "Nasuta, Grzegorz"]
[Result "1-0"]
[WhiteElo "2655"]
[BlackElo "2535"]
[EventDate "2023.03.03"]
[PlyCount "81"]

1.e4 c5 2.Nf3 d6 3.Nc3 Nf6 4.d4 cxd4 5.Qxd4 Nc6 6.Qe3 e6 7.b3 Be7 8.Bb2 a6
9.Rg1 Qa5 10.O-O-O O-O 11.Kb1 b5 12.g4 Nd7 13.g5 Qb6 14.Qe1 Nc5 15.Nd5 
exd5 16.exd5 Re8 17.dxc6 Qxc6 18.Qc3 Bf8 19.b4 Bb7 20.Nd4 Qd7 21.bxc5 dxc5
22.Bh3 cxd4 23.Bxd7 dxc3 24.Bxe8 Rxe8 25.Bxc3 Bc8 26.Ba5 Be7 27.Rge1 Be6 
28.f4 Kf8 29.Rd3 Rc8 30.Rc3 Bc4 31.a3 f6 32.Rce3 Bc5 33.Bb4 Kf7 34.Bxc5 
Rxc5 35.Re7+ Kg6 36.Rg1 Rf5 37.gxf6+ Kxf6 38.Rexg7 Rh5 39.R7g2 a5 40.Kb2 
Rh3 41.Rf2 1-0

[Event "23rd EUR-ch"]
[Site "Vrnjacka Banja SRB"]
[Date "2023.03.09"]
[Round "7.18"]
[White "Indjic, Aleksandar"]
[Black "Azarov, Sergei"]
[Result "1/2-1/2"]
[WhiteElo "2636"]
[BlackElo "2559"]
[EventDate "2023.03.03"]
[PlyCount "101"]

1.d4 d5 2.c4 e6 3.Nc3 Be7 4.cxd5 exd5 5.Bf4 c6 6.e3 Bf5 7.h3 Qb6 8.Qd2 Nf6
9.Nge2 Nbd7 10.Ng3 Bg6 11.h4 h5 12.Be2 a5 13.a3 O-O 14.Rc1 Rfe8 15.O-O Bf8
16.Bf3 Qb3 17.Bc7 Nb6 18.Bxb6 Qxb6 19.Na4 Qc7 20.Qd1 Rxe3 21.fxe3 Qxg3 22.
Qe1 Qc7 23.Nc3 Bd6 24.Ne2 Re8 25.Rc3 Bh2+ 26.Kh1 Ne4 27.Bxe4 Rxe4 28.Rf3 
Bd6 29.Rc1 Rg4 30.Nc3 Qe7 31.Rh3 b5 32.Kg1 b4 33.axb4 axb4 34.Ne2 Qc7 35.
Qf2 Be4 36.g3 Qd7 37.Rh2 Rg6 38.Nf4 Qg4 39.Kf1 Bxf4 40.exf4 Bd3+ 41.Kg1 
Be4 42.Kf1 Qxg3 43.Qxg3 Rxg3 44.Rxc6 g6 45.Rb6 b3 46.Ke1 Kg7 47.Ke2 Kf8 
48.Ke1 Re3+ 49.Kd2 Rf3 50.Ke2 Rg3 51.Ke1 1/2-1/2

[Event "23rd EUR-ch"]
[Site "Vrnjacka Banja SRB"]
[Date "2023.03.09"]
[Round "7.19"]
[White "Gumularz, Szymon"]
[Black "Petrosian, Manuel"]
[Result "1/2-1/2"]
[WhiteElo "2558"]
[BlackElo "2634"]
[EventDate "2023.03.03"]
[PlyCount "33"]

1.e4 e5 2.Nf3 Nc6 3.Bc4 Bc5 4.d3 Nf6 5.a4 a5 6.Be3 Bxe3 7.fxe3 h6 8.Nc3 d6
9.Qe2 Ne7 10.Nh4 c6 11.O-O d5 12.Bb3 O-O 13.exd5 cxd5 14.Rxf6 gxf6 15.Qf3 
Ra6 16.Rf1 Ng6 17.Bxd5 1/2-1/2

[Event "23rd EUR-ch"]
[Site "Vrnjacka Banja SRB"]
[Date "2023.03.09"]
[Round "7.20"]
[White "Sargsian, Shant"]
[Black "Subelj, Jan"]
[Result "1/2-1/2"]
[WhiteElo "2630"]
[BlackElo "2496"]
[EventDate "2023.03.03"]
[PlyCount "35"]

1.e4 c5 2.Nf3 Nc6 3.Bb5 e6 4.Bxc6 bxc6 5.b3 Ne7 6.Bb2 d6 7.e5 Nf5 8.Nc3 f6
9.exd6 Bxd6 10.Ne4 Be7 11.Ng3 Nd6 12.d3 O-O 13.O-O e5 14.a4 Ne8 15.Nd2 Nc7
16.Nc4 Nd5 17.Ne3 Re8 18.Qd2 1/2-1/2

[Event "23rd EUR-ch"]
[Site "Vrnjacka Banja SRB"]
[Date "2023.03.09"]
[Round "7.21"]
[White "Sychev, Klementy"]
[Black "Svane, Rasmus"]
[Result "1/2-1/2"]
[WhiteElo "2549"]
[BlackElo "2620"]
[EventDate "2023.03.03"]
[PlyCount "212"]

1.e4 e5 2.Nf3 Nc6 3.Bb5 Nf6 4.O-O Nxe4 5.Re1 Nd6 6.Nxe5 Be7 7.Bf1 Nxe5 8.
Rxe5 O-O 9.Nc3 Ne8 10.Nd5 Bd6 11.Re1 c6 12.Ne3 Be7 13.c4 Nc7 14.d4 d5 15.
cxd5 Bb4 16.Bd2 Bxd2 17.Qxd2 Nxd5 18.Nxd5 Qxd5 19.Re5 Qd6 20.Bc4 Bd7 21.a3
Rae8 22.Qe3 b6 23.h3 c5 24.Rxe8 Rxe8 25.dxc5 Qxc5 26.Qxc5 bxc5 27.Rd1 Be6 
28.Bxe6 fxe6 29.Rc1 Rb8 30.Rxc5 Rxb2 31.Rc8+ Kf7 32.Rc7+ Kf6 33.Rxa7 Rb1+ 
34.Kh2 Rb2 35.Kg3 Rb3+ 36.Kh2 Rb2 37.f4 h5 38.Ra5 h4 39.Rh5 Ra2 40.Rxh4 
Rxa3 41.Rh5 Re3 42.h4 Ra3 43.Re5 g6 44.g3 Ra2+ 45.Kh3 Ra3 46.Kg2 Ra2+ 47.
Kf3 Ra1 48.Rc5 Ra3+ 49.Kg4 Rb3 50.Rc8 Ra3 51.Rc5 Rb3 52.Ra5 Rc3 53.h5 
gxh5+ 54.Rxh5 Ra3 55.Re5 Rb3 56.Re2 Ra3 57.Kh3 Rb3 58.Kg2 Ra3 59.Kf2 Kf5 
60.Re5+ Kf6 61.Re3 Ra1 62.g4 Rb1 63.Re5 Rb2+ 64.Kg3 Rb3+ 65.Kh4 Rb4 66.g5+
Kf7 67.Kg4 Rb1 68.Re3 Rg1+ 69.Kf3 Ra1 70.Rc3 Rf1+ 71.Ke4 Re1+ 72.Kd4 Rd1+ 
73.Ke4 Re1+ 74.Kd4 Rd1+ 75.Rd3 Rf1 76.Ke4 Re1+ 77.Re3 Ra1 78.Rb3 Re1+ 79.
Kf3 Rf1+ 80.Kg4 Rg1+ 81.Rg3 Rf1 82.Rh3 Kg7 83.Rc3 Rg1+ 84.Rg3 Re1 85.Ra3 
Kg6 86.Ra6 Kf7 87.Ra7+ Kg6 88.Re7 Rg1+ 89.Kf3 Re1 90.Kg3 Kf5 91.Rf7+ Kg6 
92.Rf6+ Kg7 93.Kf3 Kg8 94.Rh6 Kg7 95.Rh2 Kg6 96.Kg3 Re3+ 97.Kg4 Re1 98.
Rh6+ Kg7 99.Kf3 Kf7 100.Rh7+ Kg6 101.Re7 Kf5 102.Rg7 Rf1+ 103.Ke3 Re1+ 
104.Kd2 Rg1 105.Rf7+ Ke4 106.Rf6 e5 1/2-1/2